[Event "Titled Tue 27th May Late"]
[Site "chess.com INT"]
[Date "2025.05.27"]
[Round "8"]
[White "Wagner, Dennis"]
[Black "Tari, Aryan"]
[Result "1-0"]
[WhiteTitle "GM"]
[BlackTitle "GM"]
[WhiteElo "2616"]
[BlackElo "2636"]
[WhiteFideId "24650684"]
[BlackFideId "1510045"]
[EventDate "2025.05.27"]

1. c4 e5 2. Nc3 Bb4 3. Nd5 Be7 4. d4 exd4 5. Qxd4 Nf6 6. Nxe7 Qxe7 7. Bg5 Nc6 8.
Qc3 d6 9. f3 Rg8 10. e3 Be6 11. Ne2 O-O-O 12. Bxf6 gxf6 13. Nf4 d5 14. cxd5 Bxd5
15. Bb5 Ne5 16. Rd1 Nxf3+ 17. gxf3 Bxf3 18. Rxd8+ Qxd8 19. Rf1 Be4 20. Qd4 Qe7
21. Kf2 f5 22. Qxa7 Qh4+ 23. Ke2 Qxh2+ 24. Rf2 Qg1 25. Qa8# 1-0

[Event "Titled Tue 27th May Late"]
[Site "chess.com INT"]
[Date "2025.05.27"]
[Round "8"]
[White "Raptis, Nick"]
[Black "Topuz, Mirac Melih"]
[Result "0-1"]
[WhiteTitle "FM"]
[BlackTitle "CM"]
[WhiteElo "2220"]
[BlackElo "2130"]
[WhiteFideId "2016850"]
[BlackFideId "26364611"]
[EventDate "2025.05.27"]

1. d4 e5 2. Nc3 exd4 3. Qxd4 Nc6 4. Qa4 Nf6 5. Nf3 Bb4 6. Bd2 O-O 7. e3 d5 8. a3
Bc5 9. Bd3 Bd7 10. Qh4 h6 11. O-O-O Re8 12. h3 Qe7 13. Kb1 Ne5 14. Nxe5 Qxe5 15.
g4 b5 16. Ne2 Ne4 17. Bxe4 Qxe4 18. Bc3 a5 19. Ng3 Qf3 20. g5 b4 21. gxh6 bxc3
22. hxg7 Kxg7 23. Rhg1 Kf8 24. Rxd5 Qxd5 25. Nh5 Re6 26. Nf6 Rxf6 27. Qxf6 Be6
28. bxc3 Rb8+ 29. Kc1 Bxa3# 0-1

[Event "Titled Tue 27th May Late"]
[Site "chess.com INT"]
[Date "2025.05.27"]
[Round "8"]
[White "Swara Lakshmi S Nair"]
[Black "Metin, Enis"]
[Result "1-0"]
[WhiteTitle "WCM"]
[WhiteElo "2178"]
[BlackElo "2169"]
[WhiteFideId "25629239"]
[BlackFideId "26306948"]
[EventDate "2025.05.27"]

1. e4 c5 2. Nf3 d6 3. d4 cxd4 4. Qxd4 Nc6 5. Qe3 g6 6. Be2 Bh6 7. Qc3 Qa5 8. O-O
Qxc3 9. Nxc3 Bxc1 10. Raxc1 Nf6 11. Bb5 O-O 12. Rfe1 Be6 13. Ng5 Nd7 14. Nd5
Rab8 15. Nxe6 fxe6 16. Nxe7+ Kf7 17. Nxc6 bxc6 18. Bxc6 Ne5 19. Ba4 Rxb2 20. Bb3
a5 21. a4 Rc8 22. Rcd1 Ke7 23. Re3 Nc4 24. Rh3 h5 25. Rg3 Kf6 26. h3 h4 27. Rc3 1-0

[Event "Titled Tue 27th May Late"]
[Site "chess.com INT"]
[Date "2025.05.27"]
[Round "8"]
[White "Moreira, Ronaldo Alonso"]
[Black "Ghimoyan, Narek"]
[Result "0-1"]
[BlackTitle "CM"]
[WhiteElo "2097"]
[BlackElo "2273"]
[WhiteFideId "2110547"]
[BlackFideId "13315412"]
[EventDate "2025.05.27"]

1. d4 g6 2. c4 Bg7 3. Nc3 c5 4. d5 Bxc3+ 5. bxc3 f5 6. Nf3 d6 7. e3 Nf6 8. Bd3
Nbd7 9. O-O O-O 10. a4 Qa5 11. Qc2 Ne5 12. Nxe5 dxe5 13. Bd2 Ne8 14. Rab1 Nd6
15. e4 f4 16. f3 Bd7 17. Ra1 Kh8 18. Be1 g5 19. Kf2 Qd8 20. Ke2 Qe8 21. h4 g4
22. Kd2 Qh5 23. Be2 Rg8 24. Qd1 gxf3 25. gxf3 Rg2 26. Kd3 Rag8 27. Rh1 b6 28.
Bd2 Nxe4 29. fxe4 R8g3+ 30. Kc2 Qxe2 31. Qxe2 Rxe2 32. Rag1 Rgg2 33. Rxg2 Rxg2
34. a5 Ba4+ 35. Kd3 bxa5 36. Ra1 Bd1 37. Rxa5 Be2+ 38. Kc2 Bxc4 39. Rxc5 f3 0-1

[Event "Titled Tue 27th May Late"]
[Site "chess.com INT"]
[Date "2025.05.27"]
[Round "8"]
[White "Thorhallsson, Simon"]
[Black "Erece, Ece Alkim"]
[Result "1-0"]
[WhiteTitle "FM"]
[BlackTitle "WCM"]
[WhiteElo "2218"]
[BlackElo "1843"]
[WhiteFideId "2310090"]
[BlackFideId "6346006"]
[EventDate "2025.05.27"]

1. Nf3 Nf6 2. g3 d5 3. Bg2 c6 4. O-O g6 5. c4 Bg7 6. d4 O-O 7. cxd5 cxd5 8. Ne5
Nc6 9. Nc3 Bf5 10. Nxc6 bxc6 11. Qa4 Qb6 12. Rd1 Rfe8 13. Qa3 Nd7 14. Na4 Qb5
15. Bf1 Bc2 16. Nc3 Qb6 17. Rd2 Bxd4 18. Rxc2 Bxf2+ 19. Kh1 Nf6 20. Bg2 Ng4 21.
Bf3 Ne5 22. Na4 Qa5 23. Bd2 Qd8 24. Kg2 Nc4 25. Qc3 Bb6 26. b3 Ba5 27. b4 Bc7
28. Nc5 e5 29. e4 a5 30. a3 axb4 31. axb4 Rxa1 32. Qxa1 Nb6 33. Qc1 dxe4 34.
Nxe4 f5 35. Bg5 Qd3 36. Nf6+ Kf7 37. Nxe8 e4 38. Nxc7 Qxf3+ 39. Kg1 Nd5 40. Nxd5
cxd5 41. Rc7+ 1-0

[Event "Titled Tue 27th May Late"]
[Site "chess.com INT"]
[Date "2025.05.27"]
[Round "8"]
[White "Zhigalko, Sergei"]
[Black "Aliyev, Elnur"]
[Result "1-0"]
[WhiteTitle "GM"]
[BlackTitle "CM"]
[WhiteElo "2572"]
[BlackElo "2155"]
[WhiteFideId "13502956"]
[BlackFideId "13402617"]
[EventDate "2025.05.27"]

1. e4 e5 2. Nf3 Nc6 3. Bc4 Bc5 4. b4 Bb6 5. a4 a5 6. b5 Nd4 7. O-O Nxf3+ 8. Qxf3
Qf6 9. Qg3 d6 10. d3 Qg6 11. Nc3 Qxg3 12. hxg3 Ne7 13. Bg5 Be6 14. Bxe6 fxe6 15.
Nd1 Kd7 16. Be3 Bxe3 17. Nxe3 b6 18. f4 exf4 19. gxf4 Raf8 20. Rf3 g6 21. Raf1
Rf7 22. Ng4 h5 23. Nf2 Ng8 24. Nh3 Nh6 25. Ng5 Rff8 26. Kh2 Ng4+ 27. Kh3 Ke7 28.
g3 Rf6 29. Kh4 Rff8 30. c4 Nh6 31. d4 Ng4 32. Rc1 Kd7 33. c5 e5 34. cxb6 cxb6
35. dxe5 Rc8 36. Rd1 Rc2 37. Rxd6+ Kc7 38. Rc6+ Rxc6 39. bxc6 Kxc6 40. Rc3+ Kb7
41. Nf7 Rf8 42. e6 Nf6 43. e5 Ng8 44. Rd3 Ka6 45. Rd7 Re8 46. Nd6 Rxe6 47. Nc8 1-0

[Event "Titled Tue 27th May Late"]
[Site "chess.com INT"]
[Date "2025.05.27"]
[Round "8"]
[White "Papadopoulos, Georgios3"]
[Black "Dubnevych, Maksym"]
[Result "0-1"]
[WhiteTitle "FM"]
[BlackTitle "FM"]
[WhiteElo "2363"]
[BlackElo "2292"]
[WhiteFideId "4210271"]
[BlackFideId "14184001"]
[EventDate "2025.05.27"]

1. d4 Nf6 2. Nf3 d5 3. Bf4 c5 4. e3 Nc6 5. Nbd2 e6 6. c3 Nh5 7. Bg5 f6 8. Bh4 g6
9. Bg3 Qb6 10. Rb1 cxd4 11. cxd4 Bd7 12. Be2 Be7 13. a3 O-O 14. O-O Rac8 15. Re1
Na5 16. e4 Nxg3 17. hxg3 Nc6 18. exd5 exd5 19. Nf1 Bf5 20. Bd3 Bg4 21. Ne3 Be6
22. b4 a6 23. b5 axb5 24. Bxb5 Qd8 25. Bxc6 bxc6 26. Rb7 Re8 27. a4 Bf7 28. Ng4
Kg7 29. Qd2 Rc7 30. Qh6+ Kh8 31. Rxe7 Rexe7 32. Nxf6 Bg8 33. Rxc7 Rxc7 34. Ne5
Qxf6 35. a5 c5 36. Qe3 c4 37. Qc3 Qa6 38. Qe3 Qxa5 39. Qh6 Rg7 0-1

[Event "Titled Tue 27th May Late"]
[Site "chess.com INT"]
[Date "2025.05.27"]
[Round "8"]
[White "Piddubna, Bozhena"]
[Black "Hiermann, Dietmar"]
[Result "1-0"]
[WhiteTitle "WFM"]
[BlackTitle "FM"]
[WhiteElo "2174"]
[BlackElo "2216"]
[WhiteFideId "34109293"]
[BlackFideId "1602918"]
[EventDate "2025.05.27"]

1. d4 Nf6 2. c4 e6 3. Nf3 b6 4. g3 Ba6 5. Bg2 Bxc4 6. O-O Bd5 7. Nc3 Bb7 8. Re1
d5 9. Ne5 Be7 10. b3 O-O 11. Bb2 Nbd7 12. Nf3 c6 13. Rc1 Rc8 14. h4 c5 15. Qd2
cxd4 16. Nxd4 Nc5 17. Red1 a6 18. b4 Ncd7 19. a3 Ne5 20. Ba1 Nc4 21. Qa2 Qd7 22.
e4 Nxe4 23. Nxe4 dxe4 24. Nf5 Nd6 25. Rxc8 Rxc8 26. Nxg7 Bd5 27. Qe2 f5 28. Nh5
Kf7 29. Qb2 Rg8 30. Nf4 Nc4 31. Qe2 Qc6 32. Qh5+ Kf8 33. Qh6+ Ke8 34. Nxd5 Rg6
35. Nxe7 Rxh6 36. Nxc6 Nxa3 37. Rd8+ Kf7 38. Ne5+ Ke7 39. Rd7+ Ke8 40. Ra7 a5
41. bxa5 bxa5 42. Rxa5 Nc2 43. Ra8+ Ke7 44. Bf1 Rf6 45. Ra7+ Ke8 46. Bb5+ Kd8
47. Nc6+ Kc8 48. Bxf6 1-0

[Event "Titled Tue 27th May Late"]
[Site "chess.com INT"]
[Date "2025.05.27"]
[Round "8"]
[White "Skramstad, Oda Kofoed"]
[Black "Dovgaliuk, Oleksandr"]
[Result "1-0"]
[WhiteTitle "WCM"]
[WhiteElo "1898"]
[BlackElo "2240"]
[WhiteFideId "1564862"]
[BlackFideId "14167247"]
[EventDate "2025.05.27"]

1. d4 Nf6 2. c4 g6 3. Nc3 d5 4. cxd5 Nxd5 5. e4 Nxc3 6. bxc3 Bg7 7. Be3 c5 8.
Qd2 O-O 9. Rc1 e5 10. d5 Nd7 11. Bd3 f5 12. f3 fxe4 13. fxe4 Qh4+ 14. Bf2 Qg4
15. Be3 Nf6 16. Nf3 Nxe4 17. Bxe4 Qxe4 18. O-O b6 19. Ng5 Rxf1+ 20. Rxf1 Qg4 21.
d6 Bb7 22. h3 Qc4 23. Rf7 Bd5 24. Re7 h6 25. d7 Bf6 26. Re8+ Kg7 27. Rxa8 Bxa8
28. d8=Q Bxd8 29. Qxd8 hxg5 30. Qxa8 Qxc3 31. Bxg5 Qe1+ 32. Kh2 Qa5 33. Qb7+ Kf8
34. Qe7+ Kg8 1-0

[Event "Titled Tue 27th May Late"]
[Site "chess.com INT"]
[Date "2025.05.27"]
[Round "8"]
[White "Brancaleoni, Maurizio"]
[Black "Herrera Ortiz, Miguel"]
[Result "0-1"]
[WhiteTitle "FM"]
[BlackTitle "IM"]
[WhiteElo "2185"]
[BlackElo "2174"]
[WhiteFideId "803022"]
[BlackFideId "5100550"]
[EventDate "2025.05.27"]

1. Nf3 d5 2. d4 e6 3. g3 Nf6 4. Bg2 Be7 5. O-O O-O 6. c4 a5 7. Qc2 c6 8. Nbd2
Na6 9. a3 b6 10. e4 Bb7 11. e5 Nd7 12. cxd5 cxd5 13. Re1 Rc8 14. Qd1 Qc7 15. Bf1
Qc2 16. Qxc2 Rxc2 17. Bd3 Rc7 18. Nf1 Nab8 19. Bg5 Bxg5 20. Nxg5 h6 21. Nf3 Ba6
22. Bxa6 Nxa6 23. h4 Rfc8 24. Ne3 b5 25. Kf1 Nb6 26. Rab1 Nb8 27. Red1 N8d7 28.
Ne1 Kf8 29. f4 g6 30. g4 Ke7 31. f5 Nc4 32. f6+ Kd8 33. Ke2 Ndb6 34. Nd3 Na4 35.
Nf1 Ncxb2 36. Nxb2 Nc3+ 37. Ke3 Nxb1 38. Rxb1 Rc3+ 39. Nd3 Rb8 40. Ra1 b4 41.
axb4 axb4 42. Kd2 Rc4 43. Ra7 Ke8 44. Ke3 b3 45. Nd2 Rc3 46. Nb1 Rc2 47. g5 h5
48. Nf4 b2 49. Re7+ Kf8 0-1

[Event "Titled Tue 27th May Late"]
[Site "chess.com INT"]
[Date "2025.05.27"]
[Round "8"]
[White "Brooks, Paul"]
[Black "Dilmukhametov, Artur"]
[Result "1-0"]
[WhiteTitle "CM"]
[BlackTitle "FM"]
[WhiteElo "1908"]
[BlackElo "2276"]
[WhiteFideId "7400616"]
[BlackFideId "24179922"]
[EventDate "2025.05.27"]

1. d4 Nf6 2. Bf4 g6 3. Nc3 Bg7 4. e4 d6 5. Qd2 O-O 6. O-O-O Nbd7 7. h4 Re8 8.
Nf3 c5 9. dxc5 Nxc5 10. e5 Nh5 11. Be3 Qa5 12. exd6 exd6 13. Bd4 Na4 14. Bxg7
Nxg7 15. Nd5 Qd8 16. Qd4 Nb6 17. Nf6+ Kh8 18. Nxe8 Qxe8 19. h5 Bf5 20. h6 f6 21.
Qxf6 Qd7 22. Rxd6 Qc7 23. Qxg7+ Qxg7 24. hxg7+ Kxg7 25. Bd3 Bg4 26. Ne5 1-0

[Event "Titled Tue 27th May Late"]
[Site "chess.com INT"]
[Date "2025.05.27"]
[Round "8"]
[White "Tarnowska, Aleksandra"]
[Black "Shapiro, Daniel"]
[Result "1-0"]
[WhiteTitle "WCM"]
[BlackTitle "FM"]
[WhiteElo "1882"]
[BlackElo "2284"]
[WhiteFideId "1180967"]
[BlackFideId "2001780"]
[EventDate "2025.05.27"]

1. e4 c5 2. Nf3 Nc6 3. Bb5 Nf6 4. O-O g6 5. Re1 Bg7 6. c3 O-O 7. d4 cxd4 8. cxd4
d5 9. e5 Ne4 10. Nc3 Nxc3 11. bxc3 Bd7 12. Bxc6 Bxc6 13. e6 f6 14. Bf4 Rc8 15.
Qd2 Qa5 16. Rac1 Bb5 17. Bh6 Rc6 18. Nh4 Rfc8 19. Bxg7 Kxg7 20. Re3 Ra6 21. Rg3
g5 22. Nf5+ Kf8 23. Rxg5 fxg5 24. Qxg5 1-0

[Event "Titled Tue 27th May Late"]
[Site "chess.com INT"]
[Date "2025.05.27"]
[Round "8"]
[White "Rose, Felix"]
[Black "Ferrara, Enzo"]
[Result "0-1"]
[WhiteTitle "CM"]
[WhiteElo "2093"]
[BlackElo "2138"]
[WhiteFideId "5105722"]
[BlackFideId "137731"]
[EventDate "2025.05.27"]

1. e4 e6 2. d4 d5 3. Nc3 Bb4 4. Ne2 c5 5. exd5 Qxd5 6. Bd2 Qh5 7. dxc5 Bxc5 8.
Ng3 Qxd1+ 9. Rxd1 Nf6 10. Nb5 Na6 11. Bc3 O-O 12. Nd6 Nc7 13. Bxf6 gxf6 14. Nge4
Bxd6 15. Nxd6 e5 16. Nxc8 Raxc8 17. Bd3 Rfd8 18. O-O Ne6 19. g3 Kg7 20. c3 Rd6
21. Bf5 Rcd8 22. Bg4 Nc5 23. Rxd6 Rxd6 24. Rd1 Rb6 25. b3 Kg6 26. Bf3 e4 27. Be2
f5 0-1

[Event "Titled Tue 27th May Late"]
[Site "chess.com INT"]
[Date "2025.05.27"]
[Round "8"]
[White "Sklokin, Sergey"]
[Black "Hoeffer, David"]
[Result "1-0"]
[WhiteTitle "FM"]
[BlackTitle "FM"]
[WhiteElo "2311"]
[BlackElo "2295"]
[WhiteFideId "55730230"]
[BlackFideId "24606766"]
[EventDate "2025.05.27"]

1. d4 d5 2. c4 Nc6 3. Nf3 e5 4. e3 exd4 5. exd4 Nf6 6. Nc3 Be7 7. cxd5 Nxd5 8.
Bc4 Be6 9. Bxd5 Bxd5 10. O-O O-O 11. Be3 Bf6 12. Rc1 Ne7 13. Re1 c6 14. h3 Nf5
15. Nxd5 Qxd5 16. Rc5 Qd7 17. Qd3 Nxe3 18. fxe3 Rad8 19. Rcc1 Rfe8 20. b3 Qd5
21. Rcd1 Qa5 22. e4 g6 23. e5 Bg7 24. a4 Qd5 25. Qc3 f6 26. Qb4 b6 27. exf6 Bxf6
28. Rxe8+ Rxe8 29. Qc4 Rd8 30. Rc1 Qxc4 31. Rxc4 Rd6 32. Kf2 Kf7 33. Ke3 Ke7 34.
b4 Kd7 35. b5 Re6+ 36. Kd3 cxb5 37. axb5 h6 38. Ra4 Kd6 39. Rxa7 Re8 40. Rb7 Bd8
41. Ne5 Bc7 42. Ra7 g5 43. Nc4+ Kd7 44. Nxb6+ Kd6 45. Nc4+ 1-0

[Event "Titled Tue 27th May Late"]
[Site "chess.com INT"]
[Date "2025.05.27"]
[Round "8"]
[White "Ghoreishi Amiri, Seyed Kian"]
[Black "Xiong, Jeffery"]
[Result "0-1"]
[WhiteTitle "CM"]
[BlackTitle "GM"]
[WhiteElo "2215"]
[BlackElo "2636"]
[WhiteFideId "36757527"]
[BlackFideId "2047640"]
[EventDate "2025.05.27"]

1. e4 c5 2. Nf3 d6 3. d4 cxd4 4. Nxd4 Nf6 5. Nc3 a6 6. f3 e6 7. Be3 h5 8. a4 Nc6
9. Qd2 Be7 10. Be2 Bd7 11. O-O Rc8 12. Nxc6 Bxc6 13. Rfd1 h4 14. Bf1 h3 15. g3
d5 16. exd5 Nxd5 17. Nxd5 Qxd5 18. Be2 Qxd2 19. Rxd2 Rh5 20. c3 Ra5 21. Bd1 Re5
22. Kf2 g5 23. Bd4 Bc5 24. Bxc5 Rxc5 25. Be2 Ke7 26. Rd4 a5 27. Bf1 Rh8 28. Re1
f5 29. Rc4 Rd5 30. Re2 Kf6 31. g4 f4 32. Rce4 e5 33. b4 axb4 34. cxb4 Bxa4 35.
Ra2 Bc6 36. Rae2 Rhd8 37. Re1 Rd2+ 38. R4e2 Bb5 39. Rxd2 Rxd2+ 40. Kg1 Bxf1 41.
Rxf1 Rg2+ 42. Kh1 Rb2 43. Rd1 Rxb4 44. Kg1 Ke6 45. Rd8 Rb1+ 46. Kf2 Rh1 47. Re8+
Kd5 48. Rd8+ Kc4 49. Rc8+ Kb4 50. Rg8 Rxh2+ 51. Kf1 Rh1+ 52. Kf2 Ra1 53. Rh8 h2
54. Kg2 h1=Q+ 0-1

[Event "Titled Tue 27th May Late"]
[Site "chess.com INT"]
[Date "2025.05.27"]
[Round "8"]
[White "Gabrielian, Artur"]
[Black "Bortnyk, Olexandr"]
[Result "0-1"]
[WhiteTitle "GM"]
[BlackTitle "GM"]
[WhiteElo "2419"]
[BlackElo "2601"]
[WhiteFideId "4131002"]
[BlackFideId "14120828"]
[EventDate "2025.05.27"]

1. Nf3 Nf6 2. g3 b6 3. Bg2 Bb7 4. O-O g6 5. d3 Bg7 6. e4 O-O 7. e5 Ne8 8. d4 d6
9. Qe2 c5 10. dxc5 dxe5 11. cxb6 Qxb6 12. Nc3 Ba6 13. Qe4 Nd6 14. Qxa8 Bb7 15.
Nd5 Qa6 16. Qxb7 Nxb7 17. Nxe7+ Kh8 18. Nd5 e4 19. Ng5 f5 20. Nf4 Nd8 21. Rd1 h6
22. Bf1 Qc6 23. Rxd8 hxg5 24. Rxf8+ Bxf8 25. Nh3 g4 26. Ng5 Bc5 27. Bd2 Bd4 28.
c3 e3 29. fxe3 Bf6 30. h4 Nd7 31. Bg2 Qb6 32. Rd1 Qxb2 33. Be1 Bxg5 34. hxg5 Ne5
35. Bf2 Nf3+ 36. Bxf3 gxf3 37. Rd8+ Kg7 38. Rd7+ Kf8 39. Rd8+ Ke7 40. Rd1 Qxa2
41. e4 fxe4 42. Re1 Qc2 43. c4 a5 44. c5 a4 45. Ra1 e3 0-1

[Event "Titled Tue 27th May Late"]
[Site "chess.com INT"]
[Date "2025.05.27"]
[Round "8"]
[White "Garcia, Jhoel"]
[Black "Kuznetsov, Felix"]
[Result "1-0"]
[WhiteTitle "IM"]
[BlackTitle "FM"]
[WhiteElo "2304"]
[BlackElo "2170"]
[WhiteFideId "3801110"]
[BlackFideId "34147990"]
[EventDate "2025.05.27"]

1. e4 c5 2. Nf3 Nc6 3. d4 cxd4 4. Nxd4 g6 5. Nc3 Bg7 6. Be3 Nf6 7. Bc4 O-O 8.
Bb3 a5 9. a4 Ng4 10. Qxg4 Nxd4 11. Qd1 Nxb3 12. cxb3 Ra6 13. O-O Rd6 14. Qe2 b6
15. Rfd1 Re6 16. Bd4 Bb7 17. Bxg7 Kxg7 18. Qd3 d6 19. Re1 Re5 20. f4 Rc5 21.
Rad1 Qc8 22. Qd4+ Kg8 23. h3 Qe6 24. Rd3 Rfc8 25. Ree3 Ba6 26. Rd2 Bb7 27. Kh2
f6 28. Rde2 Kf7 29. Nd5 R8c6 30. Nc3 Ba6 31. Re1 Qc8 32. Qd1 b5 33. axb5 Bxb5
34. f5 Ba6 35. Qg4 Kg7 36. Qh4 Re5 37. Rg3 g5 38. Qh5 1-0

[Event "Titled Tue 27th May Late"]
[Site "chess.com INT"]
[Date "2025.05.27"]
[Round "8"]
[White "Goryachkina, Aleksandra"]
[Black "Zhukovskyi, Oleksandr"]
[Result "1-0"]
[WhiteTitle "GM"]
[BlackTitle "CM"]
[WhiteElo "2544"]
[BlackElo "2153"]
[WhiteFideId "4147103"]
[BlackFideId "14169371"]
[EventDate "2025.05.27"]

1. e4 Nf6 2. e5 Nd5 3. d4 d6 4. c4 Nb6 5. exd6 exd6 6. Nc3 Be7 7. Bd3 O-O 8.
Nge2 Bg4 9. h3 Bxe2 10. Nxe2 Nc6 11. O-O Bf6 12. Be3 Nb4 13. a3 Nxd3 14. Qxd3 d5
15. c5 Nd7 16. b4 Re8 17. b5 Nf8 18. Rfe1 Qd7 19. Rac1 c6 20. a4 a6 21. Rb1 Ne6
22. Red1 axb5 23. axb5 Nc7 24. b6 Nb5 25. Ra1 g6 26. Nc3 Nxc3 27. Qxc3 Qf5 28.
Ra7 Rxa7 29. bxa7 Ra8 30. Ra1 Qd7 31. Qb4 Bd8 32. Bf4 f6 33. Bb8 Kf7 34. Rb1 Ke8
35. Qxb7 Qxb7 36. Rxb7 Ba5 37. Bd6 1-0

[Event "Titled Tue 27th May Late"]
[Site "chess.com INT"]
[Date "2025.05.27"]
[Round "8"]
[White "Lezcano, Gustavo"]
[Black "Cardenas Carbajal, Nilson"]
[Result "0-1"]
[BlackTitle "CM"]
[WhiteElo "2007"]
[BlackElo "2036"]
[WhiteFideId "103306"]
[BlackFideId "8401128"]
[EventDate "2025.05.27"]

1. c4 e5 2. Nc3 Nc6 3. g3 f5 4. e3 Nf6 5. Nge2 d5 6. cxd5 Nb4 7. d3 e4 8. dxe4
fxe4 9. Bg2 Nd3+ 10. Kf1 Bf5 11. Nd4 Bg6 12. Ne6 Qd6 13. Nf4 Nxf4 14. exf4 O-O-O
15. Qa4 Kb8 16. Be3 a6 17. h3 Nxd5 18. Nxe4 Nxe3+ 19. fxe3 Qd3+ 20. Kf2 Bxe4 21.
Bxe4 Qd2+ 22. Kf3 Bc5 23. Rhe1 Rhe8 24. Rad1 Qh2 25. Qb3 Bb6 26. Qf7 Qxh3 27.
Qxg7 Rxd1 28. Rxd1 h5 29. Qd7 Qg4+ 30. Kf2 Qxd7 31. Rxd7 Rxe4 32. Rd3 h4 33. g4
Rxf4+ 34. Kg2 Rxg4+ 0-1

[Event "Titled Tue 27th May Late"]
[Site "chess.com INT"]
[Date "2025.05.27"]
[Round "8"]
[White "Le, Quang Liem"]
[Black "Vakhidov, Jakhongir"]
[Result "1-0"]
[WhiteTitle "GM"]
[BlackTitle "GM"]
[WhiteElo "2729"]
[BlackElo "2546"]
[WhiteFideId "12401137"]
[BlackFideId "14201801"]
[EventDate "2025.05.27"]

1. Nf3 Nf6 2. c4 g6 3. g3 Bg7 4. Bg2 O-O 5. O-O c5 6. Nc3 d5 7. cxd5 Nxd5 8. Qb3
Nc7 9. Qc4 Nba6 10. d3 h6 11. Be3 e5 12. Rfc1 b5 13. Qh4 f5 14. Qxd8 Rxd8 15.
Nh4 g5 16. Bxa8 Nxa8 17. Nf3 Bd7 18. h4 g4 19. Nd2 Nb6 20. a4 f4 21. gxf4 b4 22.
Nce4 exf4 23. Bxf4 Bxb2 24. a5 Na4 25. Bxh6 Bxc1 26. Rxc1 Bb5 27. Nb3 Rc8 28.
Nd6 Rb8 29. Be3 Nc3 30. Kf1 g3 31. fxg3 Ba4 32. Nd2 1-0

[Event "Titled Tue 27th May Late"]
[Site "chess.com INT"]
[Date "2025.05.27"]
[Round "8"]
[White "Reprintsev, Alexander"]
[Black "Navoyan, Gagik"]
[Result "0-1"]
[WhiteTitle "IM"]
[BlackTitle "CM"]
[WhiteElo "2256"]
[BlackElo "2186"]
[WhiteFideId "14100541"]
[BlackFideId "13314866"]
[EventDate "2025.05.27"]

1. e4 e5 2. Nc3 Nf6 3. g3 d5 4. exd5 Nxd5 5. Bg2 Be6 6. Nf3 Nc6 7. O-O Nxc3 8.
bxc3 Bd6 9. d4 exd4 10. cxd4 Be7 11. Rb1 Rb8 12. Qd3 O-O 13. c4 Nb4 14. Qe2 c5
15. a3 Bf5 16. Bf4 Bxb1 17. Rxb1 Rc8 18. axb4 cxb4 19. c5 b6 20. Ne5 Bf6 21. Nc6
Qd7 22. cxb6 Rxc6 23. Bxc6 Qxc6 24. bxa7 Bxd4 25. Bb8 Qa8 26. Qe7 Qf3 27. Rf1 b3
28. Qb4 Qe4 29. Qxb3 Qa8 30. Qa4 Bb6 31. Ra1 h5 32. Qd1 Rd8 33. Qxh5 Rd2 34. Rf1
Bxa7 35. Qa5 Bxf2+ 36. Rxf2 Rd1+ 0-1

[Event "Titled Tue 27th May Late"]
[Site "chess.com INT"]
[Date "2025.05.27"]
[Round "8"]
[White "Arya G Mallar"]
[Black "Rabin, Evan"]
[Result "0-1"]
[WhiteTitle "WCM"]
[WhiteElo "2014"]
[BlackElo "1945"]
[WhiteFideId "25115324"]
[BlackFideId "2028670"]
[EventDate "2025.05.27"]

1. c4 Nf6 2. Nc3 e6 3. e4 c5 4. e5 Ng8 5. d4 cxd4 6. Qxd4 Nc6 7. Qe4 d6 8. exd6
Nf6 9. Qc2 Bxd6 10. Nf3 O-O 11. Be2 e5 12. O-O Bg4 13. Re1 Re8 14. Bg5 h6 15.
Bh4 Bxf3 16. Bxf3 Nd4 17. Qd1 g5 18. Bg3 Qc7 19. Nb5 Nxb5 20. cxb5 Rad8 21. Qa4
Qb6 22. Rac1 Bc5 23. Qc2 Bd4 24. Qf5 Bxb2 25. Rb1 Bd4 26. a4 Rd7 27. Re2 Qe6 28.
Qc2 g4 29. Be4 Nxe4 30. Qxe4 f5 31. Qc2 f4 32. Bh4 f3 33. Rd2 e4 34. Re1 e3 35.
Rdd1 exf2+ 36. Bxf2 Qxe1+ 37. Rxe1 Rxe1# 0-1

[Event "Titled Tue 27th May Late"]
[Site "chess.com INT"]
[Date "2025.05.27"]
[Round "8"]
[White "Donchenko, Alexander"]
[Black "Martinez Alcantara, Jose Eduardo"]
[Result "0-1"]
[WhiteTitle "GM"]
[BlackTitle "GM"]
[WhiteElo "2615"]
[BlackElo "2611"]
[WhiteFideId "24603295"]
[BlackFideId "3805662"]
[EventDate "2025.05.27"]

1. d4 Nf6 2. c4 e6 3. g3 Bb4+ 4. Nd2 O-O 5. Bg2 d6 6. Nf3 Qe7 7. O-O Bxd2 8.
Bxd2 e5 9. e3 e4 10. Ne1 c6 11. f3 exf3 12. Nxf3 Ne4 13. Qe2 Nd7 14. Rae1 Ndf6
15. Bb4 a5 16. Ba3 b5 17. b3 b4 18. Bb2 a4 19. Qc2 Re8 20. Ne5 axb3 21. axb3 Bb7
22. Bxe4 Nxe4 23. Rxf7 Qxf7 24. Nxf7 Kxf7 25. d5 Kg8 26. Qd3 Re7 27. Ra1 Rae8
28. Ra7 c5 29. Be5 Rxe5 30. Rxb7 Ng5 31. h4 Rxe3 32. Qxe3 Rxe3 33. hxg5 Rxg3+
34. Kf2 Rxb3 35. Rb6 Rc3 36. Rxd6 Rxc4 37. Rc6 Kf8 38. d6 Ke8 39. Rc8+ Kd7 40.
Rc7+ Kxd6 41. Rxg7 b3 42. Rxh7 b2 43. Rh6+ Kd5 44. Rh1 Rc1 0-1

[Event "Titled Tue 27th May Late"]
[Site "chess.com INT"]
[Date "2025.05.27"]
[Round "8"]
[White "Pribelszky, Bence"]
[Black "Bykov, Egor"]
[Result "0-1"]
[WhiteTitle "IM"]
[BlackTitle "FM"]
[WhiteElo "2400"]
[BlackElo "2441"]
[WhiteFideId "769738"]
[BlackFideId "34115290"]
[EventDate "2025.05.27"]

1. g3 d5 2. Nf3 Bg4 3. Bg2 Bxf3 4. Bxf3 e5 5. O-O Nc6 6. c4 e4 7. Bh1 f5 8. cxd5
Qxd5 9. d3 O-O-O 10. Nc3 Qe6 11. Qa4 Nf6 12. dxe4 fxe4 13. Be3 Bb4 14. Rfc1 h5
15. Nb5 Nd5 16. Nxa7+ Nxa7 17. Qxa7 h4 18. Qa8+ Kd7 19. Qxb7 hxg3 20. hxg3 Rxh1+
21. Kxh1 Qh3+ 22. Kg1 Nxe3 23. Rxc7+ Kd6 24. Qc6+ Ke5 25. f4+ exf3 26. Qxf3 Nd5
27. Rc4 Rh8 28. Re4+ Kd6 0-1